MARC

LEADER 00000nam0a2200000 4500
001 291750
005 20231102000424.0
020 |a RU  |b 83-93261 
035 |a (RuTPU)RU\TPU\book\316336 
090 |a 291750 
100 |a 20150416d1982 k y0rusy5003 ca 
101 0 |a rus 
102 |a RU 
105 |a a z 001zy 
200 1 |a Алгоритмическое обеспечение и проектирование микропроцессорных управляющих систем  |e сборник научных трудов  |f Московский государственный институт электронной техники (МИЭТ) ; под ред. В. Ф. Шаньгина 
210 |a Москва  |c Изд-во МИЭТ  |d 1982 
215 |a 147 с.  |c ил. 
320 |a Библиография в конце статей 
606 1 |a Вычислительные системы управления микропроцессорные  |x Проектирование  |2 stltpush  |3 (RuTPU)RU\TPU\subj\4441  |9 32713 
610 1 |a вычислительные системы на больших интегральных микросхемах 
610 1 |a математическое обеспечение 
610 1 |a алгоритмы 
610 1 |a управление 
610 1 |a принятие решений 
610 1 |a графическая информация 
610 1 |a принципы 
610 1 |a принципы 
610 1 |a сетевое моделирование 
610 1 |a имитационное моделирование 
675 |a 681.325.5-181.48  |z rus  |v 3 
702 1 |a Шаньгин  |b В. Ф.  |g Владимир Федорович  |4 340 
712 0 2 |a Московский государственный институт электронной техники (МИЭТ)  |c (1965-1992)  |2 stltpush  |3 (RuTPU)RU\TPU\col\19357 
801 0 |a RU  |b RuMRKP  |c 19950704  |g psbo 
801 1 |a RU  |b 63413507  |c 20150416 
801 2 |a RU  |b 63413507  |c 20180419  |g RCR 
942 |c BK